| 000 | 01202pab a2200157 454500 | ||
|---|---|---|---|
| 008 | 180718b xxu||||| |||| 00| 0 eng d | ||
| 100 | _aLandry Rejean | ||
| 245 | _aAdministrative reform and political control in Canada | ||
| 362 | _a14(1), Oct 93, p.335-49 | ||
| 520 | _aThe federal and provincial governments elected in Canada over the last ten years have defeated their opponents in promising to manage government in a more productive manner, especially through the introduction of businesslike managerial practices. After a first series of across the board cuts in the operational expenditures of the governmental departments ana agencies, they have undertaken very significant managerial reforms, especially at the federal level. These initiatives have generated important savings in the operational budgets of the government departments and agencies. However, any significant additional productivity improvement is likely to require substantive information on programs that central d | ||
| 650 | _a Public Service -- Canada | ||
| 650 | _a Administrative Reforms -- Canada | ||
| 650 | _aAdministrative Reorganisation -- Canada | ||
| 773 | _aInternational Political Science Review | ||
| 909 | _a25601 | ||
| 999 |
_c25601 _d25601 |
||